Generation of regional input-output tables (GRIT) <an> introspection
Guardado en:
| Autor principal: | |
|---|---|
| Formato: | Libro |
| Lenguaje: | inglés |
| Publicado: |
Brisbane
University of Queensland
1981
|
| Colección: | Working paper number
29 |
| Etiquetas: |
Sin Etiquetas, Sea el primero en etiquetar este registro!
|
MARC
| LEADER | 00000nam a2200000 4500 | ||
|---|---|---|---|
| 001 | c137892 | ||
| 005 | 20181203150510.1 | ||
| 041 | 0 | |a eng | |
| 044 | |a AU | ||
| 245 | 1 | 0 | |a Generation of regional input-output tables (GRIT) |b <an> introspection |c G.R. West |
| 264 | 1 | |a Brisbane |b University of Queensland |c 1981 | |
| 300 | |a 21 s. | ||
| 490 | 1 | |a Working paper number |v 29 | |
| 830 | 0 | |a Working paper number |v 29 | |
| 100 | 1 | |a West, G.R. | |